000 01056nam0a22002291i 4500
001 rc\408741
005 20240723232547.0
035 _a(NLR Aleph) 005656910
090 _a6831470
_c6831470
100 _a20030616d1987 u |0rusy50 ca
101 0 _arus
102 _aRU
105 _ay |||||||||
200 1 _aЛексико-фразеологическая и структурно-семантическая эквивалентность в художественном переводе
_e(На основе пер. романов А.М. Горького на азерб. яз.)
_eАвтореф. дис. на соиск. учен. степ. канд. филол. наук
_e(10.02.06)
_fАН АзССР, Ин-т языкознания им. Насими
210 _aБаку
_d1987
215 _a24 с.
320 _aБиблиогр.: с. 23-24 (6 назв.)
700 1 _aАллахвердиева
_bЭ.М. кызы
_gЭльза Меджид кызы
801 0 _aRU
_bNLR
_gpsbo
801 1 _aRU
_bELAR
_2rusmarc
852 _aNLR
_jА87/25170
942 _cBOOK